La expulsión de los judíos de España

保存先:
書誌詳細
第一著者: Suárez Fernández, Luis (著者)
フォーマット: 図書
言語:スペイン語
出版事項: Madrid, España MAPFRE 1992
版:Segunda edición
シリーズ:Coleccion Sefarad XVIII, 1
主題:
タグ: タグ追加
タグなし, このレコードへの初めてのタグを付けませんか!

MARC

LEADER 00000nam a2200000 a 4500
001 UCX6888
003 CL-VaPUC
005 20240123150315.0
008 930827e19920000SP |||||||||||||||||spa|d
999 |c 226829  |d 226827 
040 |c Pontificia Universidad Católica de Valparaíso 
082 0 4 |a 946.02 SUA 1992  |2 21 
100 0 |a Suárez Fernández, Luis  |e author  |9 323556 
245 1 3 |a La expulsión de los judíos de España 
250 |a Segunda edición 
260 |a Madrid, España  |b MAPFRE  |c 1992 
300 |a 361 páginas 
490 0 |a Coleccion Sefarad XVIII,  |v  1 
583 |a last modification  |c 19930827 00:00:00  |k Rodrigo Vera 
650 0 |a Judíos  |z ESPAÑA  |9 313771 
650 0 |a Judaísmo  |z ESPAÑA  |9 269348 
650 0 |a Antisemitismo  |9 314513 
650 7 |a HISTORIA DE ESPAÑA  |2 CL-VaPUC  |9 315229  |y SIGLOS 14-15 
852 |a BIBCUR 
942 |c BK  |2 ddc 
945 |d 19930827 00:00:00 
952 |0 0  |1 0  |2 ddc  |4 0  |6 946_020000000000000_SUA_1992  |7 0  |8 A  |9 225445  |a BIBHIS  |b BIBHIS  |d 2019-11-15  |i 2941422  |o 946.02 SUA 1992  |p 2941422  |r 2025-01-20  |t 1  |w 2019-11-15  |y BK  |k HIS